Countries That Have Only Appeared Once at a FIFA World Cup - Statistics

General Stats
  • This quiz has been taken 153 times
    75 since last reset
  • The average score is 10 of 19
Answer Stats
Hint Answer % Correct
2022 Qatar
80%
2002 China
74%
2018 Iceland
61%
2018 Panama
59%
1986 Iraq
56%
1974 DR Congo
54%
1982 Kuwait
54%
2006 Trinidad and Tobago
54%
1990 United Arab Emirates
54%
2006 Angola
52%
2010 Slovakia
52%
2006 Togo
52%
1938 Indonesia
49%
1974 Haiti
48%
1970 Israel
48%
2014 Bosnia and Herzegovina
46%
1938 Cuba
41%
2006 Ukraine
33%
1974 East Germany
31%
No matching quizzes found
Score Distribution
Percent of People with Each Score
Percentile by Number Answered
Your Score History
You have not taken this quiz since the last reset